Václav Talich a Národní divadlo : výstavní síň Společenského domu Hvězda v Berouně 11. září - 12. října 1983 /

Main Author: Talich, Václav, 1883-1961
Other Authors: Čapková, Jana, 1939-
Language: Czech
Published: Beroun : Městské kulturní středisko, 1983
Physical Description: 1 svazek + 1 příloha
Book
Saved in:
LEADER 01612nam a22004212i 4500
001 001542000
003 CZ BrMZK
005 20170203133913.0
007 ta
008 160906s1983 xr erc||||||||||cze d
040 |a BOA001  |b cze  |e rda 
043 |a e-xr---  |b e-xr-pg  |2 czenas 
045 |a w8x6 
072 7 |a 78.07  |x Hudebníci, skladatelé a jiná hudební povolání  |2 Konspekt  |9 9 
080 |a 78.071.2  |2 MRF 
080 |a 792.05-027.542  |2 MRF 
080 |a (437.311)  |2 MRF 
080 |a (083.824)  |2 MRF 
100 1 |a Talich, Václav,  |d 1883-1961  |7 jn20000710638  |4 art 
245 1 0 |a Václav Talich a Národní divadlo :  |b výstavní síň Společenského domu Hvězda v Berouně 11. září - 12. října 1983 /  |c [úvodní text] Jana Čapková 
264 1 |a Beroun :  |b Městské kulturní středisko,  |c 1983 
300 |a 1 svazek +  |c 1 příloha 
336 |a text  |b txt  |2 rdacontent 
337 |a bez média  |b n  |2 rdamedia 
338 |a svazek  |b nc  |2 rdacarrier 
600 1 7 |a Talich, Václav,  |d 1883-1961  |7 jn20000710638 
610 2 7 |a Národní divadlo v Praze  |7 kn20010709463 
648 7 |a 19.-20. století  |7 ch757015 
648 4 |a 1883-1961 
650 0 7 |a dirigenti  |7 ph119473  |z Česko  |y 19.-20. století  |2 czenas 
650 0 7 |a národní divadla  |7 ph231088  |z Česko  |y 19.-20. století  |2 czenas 
651 7 |a Praha (Česko)  |7 ge118011  |2 czenas 
655 7 |a katalogy výstav  |7 fd132536  |2 czenas 
700 1 |a Čapková, Jana,  |d 1939-  |7 xx0115313  |4 wfw 
910 |a BOA001  |b X-0866.533 
990 |a BK 
991 |b 201609 
996 6 |b 2619173682  |c X-0866.533  |l MZK  |r Sklad / do 24 hodin  |n 0  |w 001577092  |u 000010  |a 1  |e BOA001  |j MZK50  |s P